<?xml version="1.0" encoding="UTF-8"?>
<record
    xmlns:xsi="http://www.w3.org/2001/XMLSchema-instance"
    xsi:schemaLocation="http://www.loc.gov/MARC21/slim http://www.loc.gov/standards/marcxml/schema/MARC21slim.xsd"
    xmlns="http://www.loc.gov/MARC21/slim">

  <leader>01284nkm a22002657a 4500</leader>
  <controlfield tag="001">85804</controlfield>
  <controlfield tag="005">20260416173853.0</controlfield>
  <controlfield tag="007">kh bo </controlfield>
  <controlfield tag="008">260415s1914    sp ||||| |||| |0| i|spa d</controlfield>
  <datafield tag="040" ind1=" " ind2=" ">
    <subfield code="a">M-RABA</subfield>
    <subfield code="b">spa</subfield>
    <subfield code="c">M-RABA</subfield>
  </datafield>
  <datafield tag="100" ind1="1" ind2=" ">
    <subfield code="a">Brocconini, Pietro</subfield>
    <subfield code="9">111670</subfield>
  </datafield>
  <datafield tag="245" ind1="1" ind2="3">
    <subfield code="a">[La Sagrada Familia</subfield>
    <subfield code="b">: construcci&#xF3;n de la fachada del Nacimiento]</subfield>
    <subfield code="c">/ Brocconini, Pietro</subfield>
    <subfield code="h">[Material gr&#xE1;fico]</subfield>
  </datafield>
  <datafield tag="260" ind1=" " ind2=" ">
    <subfield code="c">[ca. 1914]</subfield>
  </datafield>
  <datafield tag="300" ind1=" " ind2=" ">
    <subfield code="a">1 fotograf&#xED;a</subfield>
    <subfield code="b">: aristotipo</subfield>
    <subfield code="c">; 17 x 22,5 cm </subfield>
  </datafield>
  <datafield tag="500" ind1="0" ind2="0">
    <subfield code="a">Fotograf&#xED;a que representa la construcci&#xF3;n de la fachada del Nacimiento de la Sagrada Familia (Barcelona).</subfield>
  </datafield>
  <datafield tag="500" ind1="0" ind2="0">
    <subfield code="a">La construcci&#xF3;n de la fachada del Nacimiento se inici&#xF3; en 1891. A partir de 1914 Gaud&#xED; se dedica &#xFA;nicamente al templo hasta su muerte en 1926.</subfield>
  </datafield>
  <datafield tag="500" ind1="0" ind2="0">
    <subfield code="a">Fecha tomada desde que el arquitecto se dedic&#xF3; &#xFA;nicamente a este monumento.</subfield>
  </datafield>
  <datafield tag="600" ind1="1" ind2="7">
    <subfield code="a">Gaud&#xED;, Antoni (</subfield>
    <subfield code="d">1852-1926)</subfield>
    <subfield code="9">28707</subfield>
  </datafield>
  <datafield tag="610" ind1="2" ind2="7">
    <subfield code="a">Templo de la Sagrada Familia (Barcelona, Espa&#xF1;a)</subfield>
    <subfield code="9">72397</subfield>
  </datafield>
  <datafield tag="651" ind1=" " ind2="7">
    <subfield code="a">Barcelona (Espa&#xF1;a)</subfield>
    <subfield code="9">74754</subfield>
  </datafield>
  <datafield tag="655" ind1=" " ind2="0">
    <subfield code="a">Fotograf&#xED;as de monumentos</subfield>
    <subfield code="9">111580</subfield>
  </datafield>
  <datafield tag="852" ind1=" " ind2=" ">
    <subfield code="j">Fot-646</subfield>
  </datafield>
  <datafield tag="856" ind1=" " ind2=" ">
    <subfield code="u">https://archivoybiblioteca.realacademiabellasartessanfernando.com/cgi-bin/koha/opac-retrieve-file.pl?id=c63c06ea7e48a9754ebd3f0c4b4d82f0</subfield>
    <subfield code="y">Fot-646</subfield>
  </datafield>
  <datafield tag="942" ind1=" " ind2=" ">
    <subfield code="c">FOTOGRAF&#xCD;A</subfield>
    <subfield code="n">0</subfield>
  </datafield>
  <datafield tag="952" ind1=" " ind2=" ">
    <subfield code="0">0</subfield>
    <subfield code="1">0</subfield>
    <subfield code="2">ddc</subfield>
    <subfield code="4">0</subfield>
    <subfield code="7">0</subfield>
    <subfield code="8">FOTOGRAFIA</subfield>
    <subfield code="a">RABASF</subfield>
    <subfield code="b">RABASF</subfield>
    <subfield code="c">DP2</subfield>
    <subfield code="d">2026-04-15</subfield>
    <subfield code="l">0</subfield>
    <subfield code="o">Fot-646</subfield>
    <subfield code="p">1096914</subfield>
    <subfield code="r">2026-04-15 13:12:12</subfield>
    <subfield code="w">2026-04-15</subfield>
    <subfield code="y">FOTOGRAF&#xCD;A</subfield>
  </datafield>
  <datafield tag="999" ind1=" " ind2=" ">
    <subfield code="c">85804</subfield>
    <subfield code="d">85804</subfield>
  </datafield>
</record>
